000 01022nam a2200277Ia 4500
003 OSt
005 20221005111403.0
006 a|||||r|||| 00| 0
007 ta
008 221004b |||||||| |||| 00| 0 hin d
020 _a9788190511407 (hbk)
_c75
024 _a11228
037 _b325, 20/03/2014, Vani Prakashan
_cTextual
040 _aCRL
_cCRL
_bhin
041 _2hin
_ahin
082 _aO152,3H50x, P0;Q0
100 _aविद्यापति
245 0 _aविद्यापति की कहानियॉं
246 _aVidyāpati kī kahāniyaॉan
260 _aनई दिल्ली
_bवाणी प्रकाशन भारत
_c2010
300 _a91पृ0
_ccm.
650 _aहिन्दी साहित्य
700 _a नागार्जुन, अनु.
942 _hO152,3H50x, P0;Q0
_cTEXL
_2cc
999 _c1021688
_d1021688